<?xml version="1.0" encoding="UTF-8"?>
<record
    xmlns:xsi="http://www.w3.org/2001/XMLSchema-instance"
    xsi:schemaLocation="http://www.loc.gov/MARC21/slim http://www.loc.gov/standards/marcxml/schema/MARC21slim.xsd"
    xmlns="http://www.loc.gov/MARC21/slim">

  <leader>01030nam a2200301 i 4500</leader>
  <controlfield tag="003">CO-BoRNBP</controlfield>
  <controlfield tag="005">20250212105402.0</controlfield>
  <controlfield tag="007">ta</controlfield>
  <controlfield tag="008">250212s2023    ck a|||| |||| 00| 0 spa d</controlfield>
  <datafield tag="020" ind1=" " ind2=" ">
    <subfield code="a">9786287589308</subfield>
  </datafield>
  <datafield tag="040" ind1=" " ind2=" ">
    <subfield code="a">CO-BoRNBP</subfield>
    <subfield code="b">spa</subfield>
    <subfield code="c">CO-BoRNBP</subfield>
    <subfield code="e">rda</subfield>
  </datafield>
  <datafield tag="041" ind1=" " ind2=" ">
    <subfield code="a">spa</subfield>
  </datafield>
  <datafield tag="043" ind1=" " ind2=" ">
    <subfield code="a">s-ck---</subfield>
  </datafield>
  <datafield tag="084" ind1=" " ind2=" ">
    <subfield code="a">C FRA19</subfield>
  </datafield>
  <datafield tag="100" ind1="1" ind2=" ">
    <subfield code="a">Frankel, Yael</subfield>
    <subfield code="d">1967-</subfield>
    <subfield code="e">autora</subfield>
    <subfield code="9">58311</subfield>
  </datafield>
  <datafield tag="245" ind1="1" ind2="0">
    <subfield code="a">Todo lo que pas&#xF3; antes de que llegaras/</subfield>
    <subfield code="c">ilustraciones y texto Yael Frankel</subfield>
  </datafield>
  <datafield tag="250" ind1=" " ind2=" ">
    <subfield code="a">Edici&#xF3;n especial</subfield>
  </datafield>
  <datafield tag="264" ind1=" " ind2="1">
    <subfield code="a">Bogot&#xE1;, Colombia</subfield>
    <subfield code="b">Rey Naranjo Editores</subfield>
    <subfield code="c">2023</subfield>
  </datafield>
  <datafield tag="300" ind1=" " ind2=" ">
    <subfield code="a">44 p&#xE1;ginas sin numerar,</subfield>
    <subfield code="b">ilustraciones a color, </subfield>
    <subfield code="c">28 cm</subfield>
  </datafield>
  <datafield tag="336" ind1=" " ind2=" ">
    <subfield code="2">rdacontent</subfield>
    <subfield code="a">texto</subfield>
    <subfield code="b">txt</subfield>
  </datafield>
  <datafield tag="337" ind1=" " ind2=" ">
    <subfield code="2">rdamedia</subfield>
    <subfield code="a">sin mediaci&#xF3;n</subfield>
    <subfield code="b">n</subfield>
  </datafield>
  <datafield tag="338" ind1=" " ind2=" ">
    <subfield code="2">rdacarrier</subfield>
    <subfield code="a">volumen</subfield>
    <subfield code="b">nc</subfield>
  </datafield>
  <datafield tag="521" ind1="1" ind2=" ">
    <subfield code="a">Recomendado para un p&#xFA;blico infantil mayor de 3 a&#xF1;os</subfield>
  </datafield>
  <datafield tag="650" ind1="1" ind2="7">
    <subfield code="2">ARMARC</subfield>
    <subfield code="a">Cuentos infantiles</subfield>
    <subfield code="v">Siglo XX</subfield>
    <subfield code="9">58312</subfield>
  </datafield>
  <datafield tag="650" ind1="1" ind2="7">
    <subfield code="2">ARMARC</subfield>
    <subfield code="a">Literatura infantil</subfield>
    <subfield code="v">Siglo XX</subfield>
    <subfield code="9">58313</subfield>
  </datafield>
  <datafield tag="650" ind1="1" ind2="7">
    <subfield code="2">ARMARC</subfield>
    <subfield code="a">Familia en la literatura</subfield>
    <subfield code="9">1235</subfield>
  </datafield>
  <datafield tag="942" ind1=" " ind2=" ">
    <subfield code="2">ddc</subfield>
    <subfield code="c">BKINF</subfield>
  </datafield>
  <datafield tag="999" ind1=" " ind2=" ">
    <subfield code="c">56895</subfield>
    <subfield code="d">56895</subfield>
  </datafield>
  <datafield tag="952" ind1=" " ind2=" ">
    <subfield code="0">0</subfield>
    <subfield code="1">0</subfield>
    <subfield code="2">ddc</subfield>
    <subfield code="4">0</subfield>
    <subfield code="7">0</subfield>
    <subfield code="8">INF</subfield>
    <subfield code="a">MEGUAMAL</subfield>
    <subfield code="b">MEGUAMAL</subfield>
    <subfield code="c">SInf</subfield>
    <subfield code="d">2025-02-04</subfield>
    <subfield code="l">0</subfield>
    <subfield code="o">C FRA19</subfield>
    <subfield code="p">GUA004750</subfield>
    <subfield code="r">2025-02-12 10:49:31</subfield>
    <subfield code="t">Ej.1</subfield>
    <subfield code="w">2025-02-12</subfield>
    <subfield code="y">BKINF</subfield>
  </datafield>
  <datafield tag="952" ind1=" " ind2=" ">
    <subfield code="0">0</subfield>
    <subfield code="1">0</subfield>
    <subfield code="2">ddc</subfield>
    <subfield code="4">0</subfield>
    <subfield code="7">0</subfield>
    <subfield code="8">INF</subfield>
    <subfield code="a">MEMAPIRI</subfield>
    <subfield code="b">MEMAPIRI</subfield>
    <subfield code="c">SInf</subfield>
    <subfield code="d">2025-08-20</subfield>
    <subfield code="l">0</subfield>
    <subfield code="o">C FRA19</subfield>
    <subfield code="p">MAP00004322</subfield>
    <subfield code="r">2025-08-20 14:43:55</subfield>
    <subfield code="t">Ej.1</subfield>
    <subfield code="w">2025-08-20</subfield>
    <subfield code="y">BKINF</subfield>
  </datafield>
  <datafield tag="952" ind1=" " ind2=" ">
    <subfield code="0">0</subfield>
    <subfield code="1">0</subfield>
    <subfield code="2">ddc</subfield>
    <subfield code="4">0</subfield>
    <subfield code="7">0</subfield>
    <subfield code="8">INF</subfield>
    <subfield code="a">MESGUARO</subfield>
    <subfield code="b">MESGUARO</subfield>
    <subfield code="c">SInf</subfield>
    <subfield code="d">2025-08-20</subfield>
    <subfield code="l">0</subfield>
    <subfield code="o">C FRA19</subfield>
    <subfield code="p">SG04119</subfield>
    <subfield code="r">2025-08-20 15:35:39</subfield>
    <subfield code="t">Ej.1</subfield>
    <subfield code="w">2025-08-20</subfield>
    <subfield code="y">BKINF</subfield>
  </datafield>
  <datafield tag="952" ind1=" " ind2=" ">
    <subfield code="0">0</subfield>
    <subfield code="1">0</subfield>
    <subfield code="2">lcc</subfield>
    <subfield code="4">0</subfield>
    <subfield code="7">0</subfield>
    <subfield code="8">INF</subfield>
    <subfield code="a">MESJUANI</subfield>
    <subfield code="b">MESJUANI</subfield>
    <subfield code="c">SInf</subfield>
    <subfield code="d">2025-08-22</subfield>
    <subfield code="l">0</subfield>
    <subfield code="o">C FRA19</subfield>
    <subfield code="p">SJU01630</subfield>
    <subfield code="r">2025-08-22 15:45:04</subfield>
    <subfield code="t">Ej.1</subfield>
    <subfield code="w">2025-08-22</subfield>
    <subfield code="y">BKINF</subfield>
  </datafield>
  <datafield tag="952" ind1=" " ind2=" ">
    <subfield code="0">0</subfield>
    <subfield code="1">0</subfield>
    <subfield code="2">ddc</subfield>
    <subfield code="4">0</subfield>
    <subfield code="7">0</subfield>
    <subfield code="8">INF</subfield>
    <subfield code="a">MESMARTI</subfield>
    <subfield code="b">MESMARTI</subfield>
    <subfield code="c">SInf</subfield>
    <subfield code="d">2025-09-17</subfield>
    <subfield code="l">0</subfield>
    <subfield code="o">C FRA19</subfield>
    <subfield code="p">SM04094</subfield>
    <subfield code="r">2025-09-17 20:35:51</subfield>
    <subfield code="t">Ej.1</subfield>
    <subfield code="w">2025-09-17</subfield>
    <subfield code="y">BKINF</subfield>
  </datafield>
  <datafield tag="952" ind1=" " ind2=" ">
    <subfield code="0">0</subfield>
    <subfield code="1">0</subfield>
    <subfield code="2">ddc</subfield>
    <subfield code="4">0</subfield>
    <subfield code="7">0</subfield>
    <subfield code="8">INF</subfield>
    <subfield code="a">MESMARTI</subfield>
    <subfield code="b">MESMARTI</subfield>
    <subfield code="c">SInf</subfield>
    <subfield code="d">2025-09-17</subfield>
    <subfield code="l">0</subfield>
    <subfield code="o">C FRA19</subfield>
    <subfield code="p">SM04142</subfield>
    <subfield code="r">2025-09-23 20:11:07</subfield>
    <subfield code="t">Ej.1</subfield>
    <subfield code="w">2025-09-17</subfield>
    <subfield code="y">BKINF</subfield>
  </datafield>
  <datafield tag="952" ind1=" " ind2=" ">
    <subfield code="0">0</subfield>
    <subfield code="1">0</subfield>
    <subfield code="2">ddc</subfield>
    <subfield code="4">0</subfield>
    <subfield code="7">0</subfield>
    <subfield code="8">INF</subfield>
    <subfield code="a">MEPLLERAS</subfield>
    <subfield code="b">MEPLLERAS</subfield>
    <subfield code="c">LIT</subfield>
    <subfield code="d">2025-10-02</subfield>
    <subfield code="l">0</subfield>
    <subfield code="o">C FRA19</subfield>
    <subfield code="p">PLL01564</subfield>
    <subfield code="r">2025-10-02 20:05:58</subfield>
    <subfield code="t">Ej.1</subfield>
    <subfield code="w">2025-10-02</subfield>
    <subfield code="y">BKINF</subfield>
  </datafield>
  <datafield tag="952" ind1=" " ind2=" ">
    <subfield code="0">0</subfield>
    <subfield code="1">0</subfield>
    <subfield code="2">ddc</subfield>
    <subfield code="4">0</subfield>
    <subfield code="7">0</subfield>
    <subfield code="8">INF</subfield>
    <subfield code="a">MEPLOPEZ</subfield>
    <subfield code="b">MEPLOPEZ</subfield>
    <subfield code="c">SInf</subfield>
    <subfield code="d">2026-01-27</subfield>
    <subfield code="l">0</subfield>
    <subfield code="o">C FRA19</subfield>
    <subfield code="p">PLZ00605</subfield>
    <subfield code="r">2026-01-27 13:52:12</subfield>
    <subfield code="t">Ej.1</subfield>
    <subfield code="w">2026-01-27</subfield>
    <subfield code="y">BKINF</subfield>
  </datafield>
  <datafield tag="952" ind1=" " ind2=" ">
    <subfield code="0">0</subfield>
    <subfield code="1">0</subfield>
    <subfield code="2">ddc</subfield>
    <subfield code="4">0</subfield>
    <subfield code="7">0</subfield>
    <subfield code="8">INF</subfield>
    <subfield code="a">MEGRANAD</subfield>
    <subfield code="b">MEGRANAD</subfield>
    <subfield code="c">SInf</subfield>
    <subfield code="d">2026-01-28</subfield>
    <subfield code="e">Biblioteca Nacional de Colombia</subfield>
    <subfield code="l">0</subfield>
    <subfield code="o">C FRA19</subfield>
    <subfield code="p">GRDA00612</subfield>
    <subfield code="r">2026-01-28 16:59:31</subfield>
    <subfield code="t">Ej.1</subfield>
    <subfield code="w">2026-01-28</subfield>
    <subfield code="y">BKINF</subfield>
  </datafield>
  <datafield tag="952" ind1=" " ind2=" ">
    <subfield code="0">0</subfield>
    <subfield code="1">0</subfield>
    <subfield code="2">ddc</subfield>
    <subfield code="4">0</subfield>
    <subfield code="7">0</subfield>
    <subfield code="8">INF</subfield>
    <subfield code="a">MEMESETA</subfield>
    <subfield code="b">MEMESETA</subfield>
    <subfield code="c">SInf</subfield>
    <subfield code="d">2026-02-20</subfield>
    <subfield code="l">0</subfield>
    <subfield code="o">C FRA19</subfield>
    <subfield code="p">ME02411</subfield>
    <subfield code="r">2026-02-20 15:34:54</subfield>
    <subfield code="t">Ej.1</subfield>
    <subfield code="w">2026-02-20</subfield>
    <subfield code="y">BKINF</subfield>
  </datafield>
  <datafield tag="952" ind1=" " ind2=" ">
    <subfield code="0">0</subfield>
    <subfield code="1">0</subfield>
    <subfield code="2">ddc</subfield>
    <subfield code="4">0</subfield>
    <subfield code="7">0</subfield>
    <subfield code="8">008</subfield>
    <subfield code="a">MEVIECAR</subfield>
    <subfield code="b">MEVIECAR</subfield>
    <subfield code="c">SInf</subfield>
    <subfield code="d">2025-05-08</subfield>
    <subfield code="l">0</subfield>
    <subfield code="o">C FRA19</subfield>
    <subfield code="p">33531</subfield>
    <subfield code="r">2026-02-25 15:45:57</subfield>
    <subfield code="t">Ej.1</subfield>
    <subfield code="w">2026-02-25</subfield>
    <subfield code="y">BKINF</subfield>
  </datafield>
  <datafield tag="952" ind1=" " ind2=" ">
    <subfield code="0">0</subfield>
    <subfield code="1">0</subfield>
    <subfield code="2">ddc</subfield>
    <subfield code="4">0</subfield>
    <subfield code="7">0</subfield>
    <subfield code="8">INF</subfield>
    <subfield code="a">MECASTIL</subfield>
    <subfield code="b">MECASTIL</subfield>
    <subfield code="c">SInf</subfield>
    <subfield code="d">2026-02-26</subfield>
    <subfield code="l">0</subfield>
    <subfield code="o">C FRA19</subfield>
    <subfield code="p">EC03201</subfield>
    <subfield code="r">2026-02-26 21:12:30</subfield>
    <subfield code="t">Ej.2</subfield>
    <subfield code="w">2026-02-26</subfield>
    <subfield code="y">BKINF</subfield>
  </datafield>
</record>
